| 000 | 00650cab a2200229 4500 | ||
|---|---|---|---|
| 001 | WB3425-69 | ||
| 008 | 090401t1998 xxu||||| |||| 00| 0 eng d | ||
| 035 | _a(Sirsi) u87222 | ||
| 041 | _aeng | ||
| 245 | _aFIG `98 | ||
| 260 | _c1998 | ||
| 350 | _a0 | ||
| 490 |
_aRICS Press Release _v(pr67.corp) 22 June 1998, (2) |
||
| 520 | _aThe 21st FIG International Congress takes place in Brighton from 19-25th July. It is hosted by the RICS. | ||
| 650 | _aBRIGHTON | ||
| 650 | _aFIG | ||
| 650 | _aPROPERTY PROFESSIONALS | ||
| 650 | _aRICS | ||
| 690 | _aMANAGEMENT-BUSINESS MANAGEMENT-PROFESSIONAL PRACTICE | ||
| 942 | _n0 | ||
| 948 | _c06/07/1998 | ||
| 999 |
_c55003 _d55003 |
||